00492nam a2200193Ia 4500003000400000005001700004008004100021020001500062040000700077041000800084082001300092100001900105245004300124260003300167300001700200365001300217650003100230650003700261OSt20230615151445.0210423s2006 xx 000 0 und d a8122500854 cAL aeng a361 SACS aSACHDEVA (D R) aSocial welfare administration in india aAllahabadbKitab Mahalc2006 axiii,720bPB b250cINR aSocial Problems & Services aSocial Problems & Social Welfare